Welcome to the Holygrace Academy Library

Please use search bar below to get started

ENRICH YOUR ENGLISH (Record no. 3919)

MARC details
000 -LEADER
fixed length control field 00305nam a22001337a 4500
020 ## - INTERNATIONAL STANDARD BOOK NUMBER
ISBN 0195630521
082 ## - DEWEY DECIMAL CLASSIFICATION NUMBER
Classification number 425
Item number INT/E
100 ## - MAIN ENTRY--AUTHOR NAME
Personal name INTHIRA,S.R
245 ## - TITLE STATEMENT
Title ENRICH YOUR ENGLISH
260 ## - PUBLICATION, DISTRIBUTION, ETC. (IMPRINT)
Place of publication HYDERABAD
Name of publisher OXFORD UNIVERSITY PRESS
300 ## - PHYSICAL DESCRIPTION
Number of Pages 221
650 ## - SUBJECT ADDED ENTRY--TOPICAL TERM
Topical Term COMMUNICATION SKILLS
Geographic subdivision INDIA
942 ## - ADDED ENTRY ELEMENTS (KOHA)
Koha item type Books
Holdings
Withdrawn status Lost status Collection code Home library Current library Shelving location Date acquired Source of acquisition Full call number Accession Number Koha item type
    Reference Main Library Main Library SHELF-16D -ENGLISH GRAMMAR ,POEMS 02/10/2006 PURCHASE 425 INT/E 00811 Books